| 000 | 01350cam a2200241 4500 | ||
|---|---|---|---|
| 001 | WB4021-11 | ||
| 008 | 040602n2004 000 0 eng u | ||
| 035 | _a(Sirsi) u126393 | ||
| 245 | _aConsultation on upward-only rent reviews | ||
| 260 | _c2004 | ||
| 490 |
_aODPM Consultation Paper _v 1 June 2004 (25) |
||
| 520 | _aGovernment's consultation paper on upward-only rent review (UORR) has been published by the ODPM. The paper sets out six options: 1) do nothing; 2) ban upward-only rent clauses; 3) ban UORRs subject to a floor of the initial rent; 4) give tenants a right to break if the UORR produced a rent above open market levels; 5) limit lease length; 6) require landords to give prospective tenant priced options. The consultation period runs until 30 September 2004. "Commercial property leases: options for deterring or outlawing the use of upward only rent review clauses" is available at http://www.odpm.gov.uk/urban/consult. | ||
| 590 | _aWB | ||
| 590 | _aWB | ||
| 650 | _aUPWARD ONLY RENT REVIEWS | ||
| 650 | _aCONSULTATION PAPERS | ||
| 650 | _aOPEN MARKET RENT | ||
| 650 | _aUPWARD ONLY RENT REVIEWS | ||
| 650 | _aCOMMERCIAL LEASES REFORM | ||
| 650 | _aCOMMERCIAL PROPERTY LEASES: OPTIONS FOR DETERRING OR OUTLAWING THE USE OF UPWARD ONLY RENT REVIEW CLAUSES | ||
| 690 | _aLANDLORD AND TENANT-LEASES | ||
| 942 | _n0 | ||
| 999 |
_c117460 _d117460 |
||